| 000 | 00500nam a2200181 i 4500 | ||
|---|---|---|---|
| 001 | 80408 | ||
| 003 | ES-MaACL | ||
| 005 | 20230906174217.0 | ||
| 007 | t| | ||
| 008 | 041028s1959 sp ||||1| spa d | ||
| 245 | 0 | 0 | _aHigiene y seguridad industrial. |
| 260 |
_a[S.l. : _bs.n., _c1959] ( _eVitoria : _fTall. Jesús Obrero) |
||
| 300 |
_a108 p. : _bil. ; _c21 cm. |
||
| 490 | 1 | _aJesús Obrero | |
| 830 | 0 |
_aJesús Obrero _9183662 |
|
| 852 |
_aES-MaACL _jC-19075 _bR.45478 |
||
| 999 |
_c80408 _d80408 |
||